Geology and ore deposits of the Metaline zinc-lead district, Pend Oreille County, Washington /

Bibliographic Details
Main Authors: Dings, McClelland G. (McClelland Griffith), 1902-, Whitebread, Donald Harvey, 1926- (Author)
Format: Government Document Book
Language:English
Published: Washington : U.S. Govt. Print. Off, 1965.
Series:Professional paper (Geological Survey (U.S.)) ; 489.
Subjects:

MARC

Tag First Indicator Second Indicator Subfields
LEADER 00000cam a2200000I 4500
001 in00002783663
005 20151202171833.0
008 761016s1965 dcuab b f000 0 eng
010 |a gs 65000241  
035 |a (OCoLC)ocm02506736 
035 |a (OCoLC)2506736 
040 |a DLC  |c CSU  |d OCL  |d OWU  |d OCLCQ  |d OCLCG  |d UtOrBLW 
043 |a n-us-wa 
049 |a TXAM 
050 0 4 |a QE75  |b .P9 no.489 
082 0 4 |a 553.452/09/79721 
086 0 |a I 19.16:489/ 
100 1 |a Dings, McClelland G.  |q (McClelland Griffith),  |d 1902- 
245 1 0 |a Geology and ore deposits of the Metaline zinc-lead district, Pend Oreille County, Washington /  |c by McClelland G. Dings and Donald H. Whitebread. 
264 1 |a Washington :  |b U.S. Govt. Print. Off,  |c 1965. 
300 |a 109 pages :  |b illustrations, maps and portfolio (1 folded illustrations, 5 folded maps(2 color)) ;  |c 30 cm. 
336 |a text  |b txt  |2 rdacontent 
337 |a unmediated  |b n  |2 rdamedia 
338 |a volume  |b nc  |2 rdacarrier 
490 1 |a Geological Survey (U.S.). Professional paper ;  |v 489 
504 |a Bibliography: pages 104-105. 
650 0 |a Geology  |z Washington (State)  |z Pend Oreille County. 
650 0 |a Ore deposits  |z Washington (State)  |z Pend Oreille County. 
650 0 |a Mines and mineral resources  |z Washington (State)  |z Pend Oreille County. 
700 1 |a Whitebread, Donald Harvey,  |d 1926-  |e author. 
740 0 |a Metaline zinc-lead district, Pend Oreille County, Washington. 
830 0 |a Professional paper (Geological Survey (U.S.)) ;  |v 489. 
948 |a cataloged  |b h  |c 2012/12/13  |d c  |e mvaldespin  |f 10:59:07 am 
994 |a C0  |b TXA 
999 |a MARS 
999 f f |s ae98e54f-bb18-3459-b6cb-e192a21c7ab1  |i b4b9b921-ac2a-3e80-b2e8-c0f67f775a47  |t 0 
952 f f |p normal  |a Texas A&M University  |b College Station  |c Sterling C. Evans Library  |d Evans: US Documents (Annex 5th floor)  |t 0  |e I 19.16:489-490  |h Superintendent of Documents classification  |i unmediated -- volume  |m A14839365426 
952 f f |a Texas A&M University  |b College Station  |c Sterling C. Evans Library  |d Evans: US Documents (Annex 5th floor)  |t 0  |e I 19.16:489-490  |h Superintendent of Documents classification 
998 f f |a I 19.16:489-490  |t 0  |l Evans: US Documents (Annex 5th floor)